Determining wind actions using Eurocode 1 (Record no. 115569)

MARC details
000 -LEADER
fixed length control field 01363cam a22002895a 4500
001 - CONTROL NUMBER
control field L158890
008 - FIXED-LENGTH DATA ELEMENTS--GENERAL INFORMATION
fixed length control field 100114s2015 xxko f 000 0 eng d
020 ## - INTERNATIONAL STANDARD BOOK NUMBER
International Standard Book Number 9781848064232
035 ## - SYSTEM CONTROL NUMBER
System control number (Sirsi) u158890
041 0# - LANGUAGE CODE
Language code of text/sound track or separate title eng
050 04 - LIBRARY OF CONGRESS CALL NUMBER
Classification number 690 $2 18
100 1# - MAIN ENTRY--PERSONAL NAME
Personal name Blackmore, Paul
245 00 - TITLE STATEMENT
Title Determining wind actions using Eurocode 1
Remainder of title Part 1
-- Guidance on the use of BS EN 1991-1-4
260 ## - PUBLICATION, DISTRIBUTION, ETC.
Place of publication, distribution, etc. Watford
Name of publisher, distributor, etc. BRE
Date of publication, distribution, etc. 2015
300 ## - PHYSICAL DESCRIPTION
Extent 8p.
Other physical details ill.
Dimensions 30cm.
490 #0 - SERIES STATEMENT
Series statement BRE Digest
Volume/sequential designation (DG 436-1)
520 ## - SUMMARY, ETC.
Summary, etc. Helps the reader to understand the new approach to wind loading used in the Eurocode. Eurocode 1 for wind actions, BS EN 1991-1-4, replaces BS 6399-2, which was withdrawn in 2010. The scope of BS EN 1991-1-4 is much wider than BS 6399-2: where BS 6399-2 was limited to building structures and mildly dynamic response, BS EN 1991-1-4 includes buildings and civil engineering works and a more comprehensive approach to dynamic response, including vortex shedding and other aerodynamic instabilities. There are a number of significant differences between these standards, particularly with respect to dynamic response.
521 ## - TARGET AUDIENCE NOTE
Target audience note Advanced
590 ## - LOCAL NOTE (RLIN)
Local note KA
650 24 - SUBJECT ADDED ENTRY--TOPICAL TERM
Topical term or geographic name entry element EUROCODE 1
650 24 - SUBJECT ADDED ENTRY--TOPICAL TERM
Topical term or geographic name entry element WIND LOADING
650 24 - SUBJECT ADDED ENTRY--TOPICAL TERM
Topical term or geographic name entry element WIND CONTROL
651 #4 - SUBJECT ADDED ENTRY--GEOGRAPHIC NAME
Geographic name United Kingdom
Chronological subdivision
690 ## - LOCAL SUBJECT ADDED ENTRY--TOPICAL TERM (OCLC, RLIN)
Topical term or geographic name as entry element Environment
9 (RLIN) 6238
690 ## - LOCAL SUBJECT ADDED ENTRY--TOPICAL TERM (OCLC, RLIN)
Topical term or geographic name as entry element Energy
9 (RLIN) 6237
942 ## - ADDED ENTRY ELEMENTS (KOHA)
Suppress in OPAC 0
Source of classification or shelving scheme Dewey Decimal Classification
Holdings
Withdrawn status Lost status Source of classification or shelving scheme Damaged status Not for loan Home library Current library Shelving location Date acquired Total Checkouts Full call number Barcode Date last seen Copy number Price effective from Koha item type
    Dewey Decimal Classification     London London BRE publications 11/09/2015   BRE 30078868 06/08/2019 1 06/08/2019 Book